00667nam a22001697a 450000500170000001000610001702000260007803500130010403700160011710000200013324501200015325000080027326000420028127001300032330000260045370000180047920220701125815.0 aB-744793 RP Aruna Nagar c895.00a9789393264442 aB-744793 bPansy Books aKeshav, Krishan aA Guide to All India Bar Examination:bAlong with Previous Solved Papers of AIBE /cKrishan Keshav and Himani Verma a3rd aDelhibSinghal Law Publicationsc2022 aA-2/157, Bhagat Colony, Hanuman Mandir Street, Burari, Sant NagarbDelhik9810486750msinghallawpublication@gmail.come110054 aviii,941p.c23cm(pbk) aVerma, Himani